| 000 | 01346nam a22003254a 4500 | ||
|---|---|---|---|
| 001 | ebr10074963 | ||
| 003 | CaPaEBR | ||
| 006 | m u | ||
| 007 | cr cn||||||||| | ||
| 008 | 030108s2003 ne a sb 001 0 eng | ||
| 010 | _z 2003041605 | ||
| 020 | _z1402011660 (hbk. : alk. paper) | ||
| 040 |
_aCaPaEBR _cCaPaEBR |
||
| 035 | _a(OCoLC)70729328 | ||
| 050 | 1 | 4 |
_aRA441.5 _b.M436 2003eb |
| 082 | 0 | 4 |
_a610/.9 _221 |
| 245 | 0 | 0 |
_aMedicine across cultures _h[electronic resource] : _bhistory and practice of medicine in non-Western cultures / _ceditor, Helaine Selin ; advisory editor, Hugh Shapiro. |
| 260 |
_aDordrecht ; _aBoston : _bKluwer Academic Publishers, _cc2003. |
||
| 300 |
_axxiv, 416 p. : _bill. |
||
| 490 | 1 | _aScience across cultures | |
| 504 | _aIncludes bibliographical references and index. | ||
| 533 |
_aElectronic reproduction. _bPalo Alto, Calif. : _cebrary, _d2013. _nAvailable via World Wide Web. _nAccess may be limited to ebrary affiliated libraries. |
||
| 650 | 0 |
_aMedicine _zDeveloping countries. |
|
| 655 | 7 |
_aElectronic books. _2local |
|
| 700 | 1 |
_aSelin, Helaine, _d1946- |
|
| 700 | 1 | _aShapiro, Hugh. | |
| 710 | 2 | _aebrary, Inc. | |
| 830 | 0 | _aScience across cultures. | |
| 856 | 4 | 0 |
_uhttp://site.ebrary.com/lib/rucke/Doc?id=10074963 _zAn electronic book accessible through the World Wide Web; click to view |
| 999 |
_c154355 _d154355 |
||